| 000 | 00325 a2200133 4500 | ||
|---|---|---|---|
| 003 | Nust | ||
| 005 | 20170207164425.0 | ||
| 040 | _cNust | ||
| 245 |
_aSolution Manuals Of ADVANCED ENGINEERING MATHEMATICS(E Book ) _cERWIN KREYSZIG |
||
| 250 | _a9th ed | ||
| 260 |
_aN Y _bJohn Wiley & Sons _c2006. |
||
| 300 | _a417p | ||
| 500 | _aE Book | ||
| 942 |
_2ddc _cBK |
||
| 999 |
_c208943 _d208943 |
||